000 00171nam a22000857a 4500
999 _c16290
_d16290
003 OSt
008 200721b ||||| |||| 00| 0 eng d
245 _aE education
942 _cBK